| 000 | 00862nam a2200229 a 4500 | ||
|---|---|---|---|
| 001 | 39382 | ||
| 003 | BD-RjUL | ||
| 005 | 20211209052959.0 | ||
| 008 | 160410m19991978bg ||||e |||| 00| 0 ben d | ||
| 020 |
_a9840502042 : _ctk. 205.00 |
||
| 035 | _a(BD-RjUL)39495 | ||
| 040 |
_aBD-RjUL _bben _cBD-RjUL |
||
| 041 | _aben | ||
| 082 |
_223 _a891.443 _bHAA 1999 |
||
| 100 |
_aহাশেম, দিলারা _9121407 |
||
| 245 | 1 | 0 |
_aআমলকীর মৌ / _cদিলারা হাশেম |
| 260 |
_aঢাকা : _bদি ইউনিভার্সিটি প্রেস, _c১৯৭৮, [২য় মুদ্রণ ১৯৯৯]. |
||
| 300 |
_a[৬], ২৯৯ পৃ. ; _c২২ সেমি. |
||
| 650 |
_aবাংলা সাহিত্য _vউপন্যাস _9116625 |
||
| 650 |
_aBengali Literature _vFiction _9116655 |
||
| 942 |
_2ddc _cBK |
||
| 999 |
_c39382 _d39382 |
||